00903cam a22002775i 45000010009000000050017000090080041000260100017000670200018000840200018001020410008001200420008001280820014001361000019001502450140001692600029003092630009003382640033003473000019003803360026003993370028004253380027004536500096004807000022005767000027005982296528720250417094030.0230209s2023 mau 000 0 eng  a 2023932372 a9783110739435 z9783110767360 aeng apcc a658.5 BES1 aBessant, John,14aThe Future of Learning PlayBook :A Practical Guide to Navigating the Changing Landscape for Creativity, Innovation and Entrepreneurship aBostonbDe Gruyterc2024 a2312 1aBoston :bDe Gruyter,c2023. a180;. P. 16 cm atextbtxt2rdacontent aunmediatedbn2rdamedia avolumebnc2rdacarrier aLeadership; Communication in Management; Communication in Organizations; Executive Coaching1 aKokshagina, Olga,1 aPapageorgiou, Kyriaki,